00520 2200217 4500001002100000005001700021008004100038035002400079090001500103100001200118245002700130250001100157260002700168300002800195650001800223850001500241980001300256985000600269986001200275999001500287YOGYA-0209000000286620090227020557.0 ind  0010-020900000002866 a539bMul F aMULYONO aFisika moderncMuljono aCet. 3 aYogyakartabAndic2003 avi, 95 hlmbilusc21 cm aFisika modern aYOPDYOG[B] a28-12-05 a1 aPRrtrev a03P0004685